Bring me The Horizon - Empire (Let Them Sing) lyrics - Statistics

General Stats
  • This quiz has been taken 25 times
  • The average score is 246 of 302
Answer Stats
% Correct
end
100%
I
100%
it
100%
It's
100%
it's
100%
of
100%
start
100%
the
100%
The
100%
blood
94%
hands
94%
on
94%
surrender
94%
throne
94%
We
94%
we
94%
a
88%
And
88%
and
88%
by
88%
surrounded
88%
them
88%
you
88%
You
88%
alone
82%
are
82%
at
82%
been
82%
covered
82%
cycles
82%
'em
82%
Let
82%
let
82%
my
82%
sing
82%
to
82%
truly
82%
vicious
82%
walls
82%
we're
82%
We've
82%
your
82%
atone
76%
can't
76%
door
76%
for
76%
hear
76%
holes
76%
hurricane
76%
like
76%
wolves
76%
yours
76%
bastards
71%
But
71%
came
71%
heart
71%
house
71%
in
71%
scars
71%
see
71%
They
71%
writing
71%
calling
65%
else
65%
flame
65%
go
65%
moths
65%
nowhere
65%
There's
65%
us
65%
come
59%
empire
59%
fall
59%
forget
59%
gates
59%
godforsaken
59%
home
59%
left
59%
live
59%
name
59%
never
59%
out
59%
Waiting
59%
back
53%
care
53%
clawing
53%
darker
53%
deeper
53%
dig
53%
don't
53%
find
53%
gets
53%
learn
53%
then
53%
way
53%
We'll
53%
what
53%
Hey !
41%
No matching quizzes found
Score Distribution
Percent of People with Each Score
Percentile by Number Answered
Your Score History
You have not taken this quiz